The bear that turned white : (Record no. 647)

MARC details
000 -LEADER
fixed length control field 01042cam a2200289 a 4500
005 - DATE AND TIME OF LATEST TRANSACTION
control field 20260322212028.0
008 - FIXED-LENGTH DATA ELEMENTS--GENERAL INFORMATION
fixed length control field data
010 ## - LIBRARY OF CONGRESS CONTROL NUMBER
LC control number 90050846
020 ## - INTERNATIONAL STANDARD BOOK NUMBER
International Standard Book Number 0873585151 (softcover) :
Terms of availability {dollar}11.95
020 ## - INTERNATIONAL STANDARD BOOK NUMBER
International Standard Book Number 9780873585156 (softcover) :
Terms of availability {dollar}11.95
040 ## - CATALOGING SOURCE
Original cataloging agency DLC
Transcribing agency DLC
Modifying agency DLC
042 ## - AUTHENTICATION CODE
Authentication code lcac
043 ## - GEOGRAPHIC AREA CODE
Geographic area code n-ust--
050 00 - LIBRARY OF CONGRESS CALL NUMBER
Classification number E78.S7
Item number G73 1991
082 00 - DEWEY DECIMAL CLASSIFICATION NUMBER
Classification number 398.2/08997079
Edition information 20
092 ## - LOCALLY ASSIGNED DEWEY CALL NUMBER (OCLC)
Classification number 398.2 G73 1991
001 - CONTROL NUMBER
control field data
100 1# - MAIN ENTRY--PERSONAL NAME
Personal name Grammer, Maurine.
245 14 - TITLE STATEMENT
Title The bear that turned white :
Remainder of title and other native tales /
Statement of responsibility, etc. Maurine Grammer & Joe Herrera.
250 ## - EDITION STATEMENT
Edition statement 1st ed.
260 ## - PUBLICATION, DISTRIBUTION, ETC.
Place of publication, distribution, etc. Flagstaff, Ariz. :
Name of publisher, distributor, etc. Northland Pub.,
Date of publication, distribution, etc. c1991.
300 ## - PHYSICAL DESCRIPTION
Extent xiii, 89 p. :
Other physical details ill. ;
Dimensions 19 cm.
520 ## - SUMMARY, ETC.
Summary, etc. A collection of seventeen Native American tales gathered from the tribes of the American Southwest, including the Pueblo, Apache, Hopi, and Navajo.
650 #0 - SUBJECT ADDED ENTRY--TOPICAL TERM
Topical term or geographic name entry element Indians of North America
Geographic subdivision Southwest, New
General subdivision Folklore.
650 #1 - SUBJECT ADDED ENTRY--TOPICAL TERM
Topical term or geographic name entry element Indians of North America
Geographic subdivision Southwest, New
General subdivision Folklore.
700 1# - ADDED ENTRY--PERSONAL NAME
Personal name Herrera, Joe,
Dates associated with a name 1923-
Relator term ill.
Holdings
Withdrawn status Lost status Damaged status Not for loan Home library Current library Shelving location Date acquired Total checkouts Full call number Barcode Date last seen Price effective from Koha item type
        Franklin Franklin General stacks 22/03/2026   398.2/08997079 20 BC0010664 22/03/2026 22/03/2026 Books